[Event "DEM U12w 2025"]
[Site "Willingen GER"]
[Date "2025.06.08"]
[Round "1"]
[White "Guruprasad, Aditi"]
[Black "Georgieva, Teodora"]
[Result "1/2-1/2"]
[Termination "normal"]
[Board "17"]
[WhiteElo "1495"]
[BlackElo "1124"]
[WhiteClock "00:13:32"]
[BlackClock "00:39:27"]
[PlyCount "103"]
[WhiteFideId "533043280"]
[BlackFideId "34679375"]
[EventCountry "GER"]
[EventRounds "9"]
[EventType "swiss"]
[EventDate "2025.06.07"]

1. d4 {[%clk 01:30:59]} d5 {[%clk 01:30:55]} {[%emt 00:00:06]} 2. Bf4 {[%clk
01:31:25]} {[%emt 00:00:04]} Bf5 {[%clk 01:24:09]} {[%emt 00:07:16]} 3. e3
{[%clk 01:31:31]} {[%emt 00:00:24]} Nf6 {[%clk 01:20:56]} {[%emt 00:03:43]} 4.
c4 {[%clk 01:31:38]} {[%emt 00:00:23]} e6 {[%clk 01:20:15]} {[%emt 00:01:10]}
5. Nc3 {[%clk 01:31:30]} {[%emt 00:00:38]} c5 {[%clk 01:15:56]} {[%emt
00:04:50]} 6. cxd5 {[%clk 01:30:16]} {[%emt 00:01:44]} exd5 {[%clk 01:11:34]}
{[%emt 00:04:51]} 7. Nf3 {[%clk 01:27:06]} {[%emt 00:03:40]} cxd4 {[%clk
01:08:17]} {[%emt 00:03:47]} 8. exd4 {[%clk 01:27:28]} {[%emt 00:00:09]} Nc6
{[%clk 01:08:02]} {[%emt 00:00:45]} 9. Bb5 {[%clk 01:23:16]} {[%emt 00:04:43]}
Bd6 {[%clk 01:05:48]} {[%emt 00:02:44]} 10. Ne5 {[%clk 01:19:27]} {[%emt
00:04:19]} Rc8 {[%clk 01:03:41]} {[%emt 00:02:37]} 11. O-O {[%clk 01:14:29]}
{[%emt 00:05:28]} O-O {[%clk 01:03:56]} {[%emt 00:00:14]} 12. Bxc6 {[%clk
01:12:07]} {[%emt 00:02:53]} bxc6 {[%clk 01:04:05]} {[%emt 00:00:21]} 13. Rc1
{[%clk 01:07:02]} {[%emt 00:05:35]} Qb6 {[%clk 00:56:38]} {[%emt 00:07:57]} 14.
Nd7 {[%clk 00:53:32]} {[%emt 00:14:00]} Nxd7 {[%clk 00:56:51]} {[%emt
00:00:17]} 15. Bxd6 {[%clk 00:52:58]} {[%emt 00:01:03]} Rfe8 {[%clk 00:56:57]}
{[%emt 00:00:24]} 16. Ba3 {[%clk 00:50:38]} {[%emt 00:02:51]} Nf8 {[%clk
00:47:52]} {[%emt 00:09:35]} 17. Na4 {[%clk 00:47:37]} {[%emt 00:03:31]} Qb5
{[%clk 00:46:15]} {[%emt 00:02:07]} 18. Nc5 {[%clk 00:46:06]} {[%emt 00:02:01]}
Ne6 {[%clk 00:44:49]} {[%emt 00:01:56]} 19. Qd2 {[%clk 00:44:27]} {[%emt
00:02:09]} Nxc5 {[%clk 00:41:27]} {[%emt 00:03:51]} 20. Rxc5 {[%clk 00:37:18]}
{[%emt 00:07:39]} Qd3 {[%clk 00:39:39]} {[%emt 00:02:18]} 21. Qxd3 {[%clk
00:36:15]} {[%emt 00:01:33]} Bxd3 {[%clk 00:38:57]} {[%emt 00:01:13]} 22. Rd1
{[%clk 00:33:26]} {[%emt 00:03:18]} Re2 {[%clk 00:32:04]} {[%emt 00:07:23]} 23.
h3 {[%clk 00:31:37]} {[%emt 00:02:19]} Bc4 {[%clk 00:29:59]} {[%emt 00:02:35]}
24. b3 {[%clk 00:28:56]} {[%emt 00:03:12]} Bb5 {[%clk 00:27:03]} {[%emt
00:03:25]} 25. Rdc1 {[%clk 00:22:03]} {[%emt 00:07:23]} Rxa2 {[%clk 00:23:00]}
{[%emt 00:04:34]} 26. Rxb5 {[%clk 00:21:46]} {[%emt 00:00:47]} Rxa3 {[%clk
00:23:13]} {[%emt 00:00:17]} 27. Rxd5 {[%clk 00:21:29]} {[%emt 00:00:46]} Rxb3
{[%clk 00:23:16]} {[%emt 00:00:28]} 28. Rdc5 {[%clk 00:21:37]} {[%emt
00:00:22]} Kf8 {[%clk 00:21:22]} {[%emt 00:02:23]} 29. d5 {[%clk 00:17:02]}
{[%emt 00:05:06]} Ke7 {[%clk 00:19:59]} {[%emt 00:01:53]} 30. dxc6 {[%clk
00:14:48]} {[%emt 00:02:44]} Kd6 {[%clk 00:20:15]} {[%emt 00:00:14]} 31. R5c2
{[%clk 00:13:15]} {[%emt 00:02:02]} Rb5 {[%clk 00:15:54]} {[%emt 00:04:51]} 32.
c7 {[%clk 00:12:07]} {[%emt 00:01:39]} a5 {[%clk 00:15:34]} {[%emt 00:00:50]}
33. Rc6+ {[%clk 00:08:02]} {[%emt 00:04:33]} Kd7 {[%clk 00:15:30]} {[%emt
00:00:36]} 34. R6c4 {[%clk 00:07:37]} {[%emt 00:00:55]} Kd6 {[%clk 00:15:31]}
{[%emt 00:00:29]} 35. Kf1 {[%clk 00:05:30]} {[%emt 00:02:37]} a4 {[%clk
00:15:27]} {[%emt 00:00:35]} 36. Rxa4 {[%clk 00:05:20]} {[%emt 00:00:40]} Rxc7
{[%clk 00:15:42]} {[%emt 00:00:15]} 37. Ra6+ {[%clk 00:04:48]} {[%emt
00:01:02]} Kd7 {[%clk 00:15:55]} {[%emt 00:00:17]} 38. Rxc7+ {[%clk 00:04:41]}
{[%emt 00:00:36]} Kxc7 {[%clk 00:16:19]} {[%emt 00:00:07]} 39. Ra7+ {[%clk
00:05:00]} {[%emt 00:00:12]} Rb7 {[%clk 00:16:42]} {[%emt 00:00:06]} 40. Rxb7+
{[%clk 00:05:18]} {[%emt 00:00:13]} Kxb7 {[%clk 00:17:06]} {[%emt 00:00:05]}
41. Ke2 {[%clk 00:05:13]} {[%emt 00:00:34]} Kc6 {[%clk 00:17:27]} {[%emt
00:00:09]} 42. Ke3 {[%clk 00:05:18]} {[%emt 00:00:26]} Kd5 {[%clk 00:17:47]}
{[%emt 00:00:10]} 43. Kd3 {[%clk 00:27:55]} {[%emt 00:07:52]} g5 {[%clk
00:45:07]} {[%emt 00:03:10]} 44. Ke3 {[%clk 00:26:12]} {[%emt 00:02:14]} Ke5
{[%clk 00:44:23]} {[%emt 00:01:15]} 45. Kf3 {[%clk 00:23:02]} {[%emt 00:03:38]}
f5 {[%clk 00:43:13]} {[%emt 00:01:40]} 46. Ke3 {[%clk 00:16:49]} {[%emt
00:06:43]} h5 {[%clk 00:40:14]} {[%emt 00:03:29]} 47. f4+ {[%clk 00:13:18]}
{[%emt 00:04:02]} gxf4+ {[%clk 00:40:20]} {[%emt 00:00:23]} 48. Kf3 {[%clk
00:13:41]} {[%emt 00:00:07]} h4 {[%clk 00:40:31]} {[%emt 00:00:19]} 49. Kf2
{[%clk 00:13:12]} {[%emt 00:00:57]} Ke4 {[%clk 00:40:51]} {[%emt 00:00:12]} 50.
Ke2 {[%clk 00:13:29]} {[%emt 00:00:12]} Kd4 {[%clk 00:39:05]} {[%emt 00:02:16]}
51. Kf3 {[%clk 00:13:16]} {[%emt 00:00:44]} Ke5 {[%clk 00:39:27]} {[%emt
00:00:08]} 52. Kf2 {[%clk 00:13:32]} 1/2-1/2

[Event "DEM U12w 2025"]
[Site "Willingen GER"]
[Date "2025.06.08"]
[Round "1"]
[White "Preißler, Enie"]
[Black "Szymil, Alicja"]
[Result "1/2-1/2"]
[Termination "normal"]
[Board "18"]
[WhiteElo "1113"]
[BlackElo "1476"]
[WhiteClock "00:21:38"]
[BlackClock "00:29:48"]
[PlyCount "102"]
[WhiteFideId "533039151"]
[BlackFideId "34654240"]
[EventCountry "GER"]
[EventRounds "9"]
[EventType "swiss"]
[EventDate "2025.06.07"]

1. d4 {[%clk 01:30:58]} {[%emt 00:00:02]} f5 {[%clk 01:30:53]} {[%emt
00:00:08]} 2. Bf4 {[%clk 01:30:53]} {[%emt 00:00:36]} Nf6 {[%clk 01:31:07]}
{[%emt 00:00:15]} 3. e3 {[%clk 01:30:44]} {[%emt 00:00:38]} e6 {[%clk
01:31:24]} {[%emt 00:00:14]} 4. Bd3 {[%clk 01:30:23]} {[%emt 00:00:51]} b6
{[%clk 01:31:18]} {[%emt 00:00:35]} 5. Nf3 {[%clk 01:29:40]} {[%emt 00:01:13]}
Bb7 {[%clk 01:30:53]} {[%emt 00:00:55]} 6. Nbd2 {[%clk 01:28:15]} {[%emt
00:01:55]} Bb4 {[%clk 01:29:25]} {[%emt 00:01:58]} 7. c3 {[%clk 01:28:20]}
{[%emt 00:00:26]} Be7 {[%clk 01:29:37]} {[%emt 00:00:17]} 8. Qc2 {[%clk
01:21:36]} {[%emt 00:07:15]} O-O {[%clk 01:24:36]} {[%emt 00:05:30]} 9. O-O-O
{[%clk 01:19:54]} {[%emt 00:02:13]} d6 {[%clk 01:22:28]} {[%emt 00:02:38]} 10.
e4 {[%clk 01:16:04]} {[%emt 00:04:20]} fxe4 {[%clk 01:21:25]} {[%emt 00:01:32]}
11. Bxe4 {[%clk 01:15:52]} {[%emt 00:00:42]} Bxe4 {[%clk 01:19:43]} {[%emt
00:02:13]} 12. Nxe4 {[%clk 01:16:09]} {[%emt 00:00:13]} d5 {[%clk 01:19:24]}
{[%emt 00:00:49]} 13. Ned2 {[%clk 01:15:37]} {[%emt 00:01:02]} c5 {[%clk
01:17:45]} {[%emt 00:02:09]} 14. Ng5 {[%clk 01:13:21]} {[%emt 00:02:45]} Qc8
{[%clk 01:16:14]} {[%emt 00:02:01]} 15. Rde1 {[%clk 01:12:29]} {[%emt
00:01:22]} cxd4 {[%clk 01:14:37]} {[%emt 00:02:08]} 16. cxd4 {[%clk 01:07:30]}
{[%emt 00:05:29]} Qd7 {[%clk 01:11:17]} {[%emt 00:03:50]} 17. Kb1 {[%clk
01:05:32]} {[%emt 00:02:28]} Rc8 {[%clk 01:07:44]} {[%emt 00:04:02]} 18. Qd3
{[%clk 01:05:38]} {[%emt 00:00:25]} Nc6 {[%clk 01:05:53]} {[%emt 00:02:21]} 19.
a3 {[%clk 01:04:28]} {[%emt 00:01:41]} Nd8 {[%clk 01:02:44]} {[%emt 00:03:37]}
20. Ndf3 {[%clk 01:03:16]} {[%emt 00:01:42]} h6 {[%clk 01:00:11]} {[%emt
00:03:03]} 21. Ne5 {[%clk 00:52:25]} {[%emt 00:11:22]} Qe8 {[%clk 00:58:45]}
{[%emt 00:01:54]} 22. Ngf3 {[%clk 00:52:17]} {[%emt 00:00:39]} Ne4 {[%clk
00:58:23]} {[%emt 00:00:52]} 23. Bg3 {[%clk 00:51:10]} {[%emt 00:01:37]} Nf7
{[%clk 00:57:15]} {[%emt 00:01:37]} 24. Rc1 {[%clk 00:48:55]} {[%emt 00:02:46]}
Nxe5 {[%clk 00:55:58]} {[%emt 00:01:47]} 25. Nxe5 {[%clk 00:49:08]} {[%emt
00:00:18]} Bf6 {[%clk 00:55:03]} {[%emt 00:01:25]} 26. f3 {[%clk 00:48:20]}
{[%emt 00:01:18]} Nxg3 {[%clk 00:53:31]} {[%emt 00:02:02]} 27. hxg3 {[%emt
00:00:11]} Bxe5 {[%emt 00:01:36]} 28. dxe5 {[%clk 00:46:48]} {[%emt 00:00:15]}
Rxc1+ {[%clk 00:52:34]} {[%emt 00:01:28]} 29. Rxc1 {[%clk 00:47:09]} {[%emt
00:00:09]} Qh5 {[%clk 00:52:25]} {[%emt 00:00:37]} 30. f4 {[%clk 00:46:58]}
{[%emt 00:00:41]} Qe8 {[%clk 00:51:20]} {[%emt 00:01:35]} 31. Rh1 {[%clk
00:45:07]} {[%emt 00:02:21]} Rc8 {[%clk 00:50:42]} {[%emt 00:01:08]} 32. g4
{[%clk 00:41:18]} {[%emt 00:04:18]} Qf7 {[%clk 00:47:55]} {[%emt 00:03:17]} 33.
Rf1 {[%clk 00:41:18]} {[%emt 00:00:31]} Rc4 {[%clk 00:47:20]} {[%emt 00:01:05]}
34. g3 {[%clk 00:40:19]} {[%emt 00:01:29]} Re4 {[%clk 00:44:21]} {[%emt
00:03:29]} 35. Rf3 {[%clk 00:27:09]} {[%emt 00:13:41]} Qg6 {[%clk 00:40:22]}
{[%emt 00:04:28]} 36. Re3 {[%clk 00:26:29]} {[%emt 00:01:10]} Qxg4 {[%clk
00:40:11]} {[%emt 00:00:42]} 37. Rxe4 {[%clk 00:26:34]} {[%emt 00:00:27]} dxe4
{[%clk 00:40:32]} {[%emt 00:00:08]} 38. Qxe4 {[%clk 00:25:56]} {[%emt
00:01:07]} Qf5 {[%clk 00:38:52]} {[%emt 00:02:10]} 39. Qxf5 {[%clk 00:25:35]}
{[%emt 00:00:51]} exf5 {[%clk 00:39:14]} {[%emt 00:00:08]} 40. Kc2 {[%clk
00:25:54]} {[%emt 00:00:11]} Kf7 {[%clk 00:39:27]} {[%emt 00:00:18]} 41. Kd3
{[%clk 00:25:59]} {[%emt 00:00:25]} Ke6 {[%clk 00:39:40]} {[%emt 00:00:17]} 42.
Ke3 {[%clk 00:25:41]} {[%emt 00:00:48]} g5 {[%clk 00:39:13]} {[%emt 00:00:57]}
43. b4 {[%clk 00:24:16]} {[%emt 00:01:56]} h5 {[%clk 00:33:20]} {[%emt
00:06:22]} 44. a4 {[%clk 00:22:24]} {[%emt 00:02:22]} a6 {[%clk 00:28:44]}
{[%emt 00:05:06]} 45. Kf3 {[%clk 00:20:58]} {[%emt 00:01:55]} g4+ {[%clk
00:28:48]} {[%emt 00:00:27]} 46. Kg2 {[%clk 00:21:14]} {[%emt 00:00:14]} Kd5
{[%clk 00:28:21]} {[%emt 00:00:56]} 47. Kh2 {[%clk 00:21:24]} {[%emt 00:00:21]}
b5 {[%clk 00:28:34]} {[%emt 00:00:17]} 48. a5 {[%clk 00:21:31]} {[%emt
00:00:23]} Ke6 {[%clk 00:28:57]} {[%emt 00:00:07]} 49. Kg2 {[%emt 00:00:11]}
Kd5 {[%emt 00:00:06]} 50. Kh2 {[%clk 00:21:34]} {[%emt 00:00:10]} Ke6 {[%clk
00:29:21]} {[%emt 00:00:06]} 51. Kg2 {[%clk 00:21:38]} {[%emt 00:00:26]} Kd5
{[%clk 00:29:48]} {[%emt 00:00:03]} 1/2-1/2

[Event "DEM U12w 2025"]
[Site "Willingen GER"]
[Date "2025.06.08"]
[Round "1"]
[White "Lukas, Olivia"]
[Black "Zietz, Leni"]
[Result "1-0"]
[Termination "normal"]
[Board "19"]
[WhiteElo "1585"]
[BlackElo "1113"]
[WhiteClock "00:55:55"]
[BlackClock "00:54:18"]
[PlyCount "55"]
[WhiteFideId "34632239"]
[BlackFideId "533025886"]
[EventCountry "GER"]
[EventRounds "9"]
[EventType "swiss"]
[EventDate "2025.06.07"]

1. e4 {[%clk 01:30:57]} {[%emt 00:00:02]} c5 {[%clk 01:30:49]} {[%emt
00:00:12]} 2. c3 {[%clk 01:31:24]} {[%emt 00:00:03]} Nf6 {[%clk 01:31:08]}
{[%emt 00:00:11]} 3. e5 {[%clk 01:31:50]} {[%emt 00:00:04]} Nd5 {[%clk
01:31:28]} {[%emt 00:00:10]} 4. Nf3 {[%clk 01:32:11]} {[%emt 00:00:09]} Nc6
{[%clk 01:31:37]} {[%emt 00:00:21]} 5. Bc4 {[%clk 01:32:31]} {[%emt 00:00:10]}
Nb6 {[%clk 01:31:55]} {[%emt 00:00:12]} 6. Bb3 {[%clk 01:32:57]} {[%emt
00:00:04]} c4 {[%clk 01:32:04]} {[%emt 00:00:22]} 7. Bc2 {[%clk 01:33:22]}
{[%emt 00:00:04]} d6 {[%clk 01:31:59]} {[%emt 00:00:34]} 8. exd6 {[%clk
01:33:46]} {[%emt 00:00:07]} Qxd6 {[%clk 01:32:23]} {[%emt 00:00:05]} 9. O-O
{[%clk 01:34:10]} {[%emt 00:00:06]} g6 {[%clk 01:32:31]} {[%emt 00:00:22]} 10.
h3 {[%clk 01:33:21]} {[%emt 00:01:19]} Bg7 {[%clk 01:32:19]} {[%emt 00:00:42]}
11. b3 {[%clk 01:32:09]} {[%emt 00:01:43]} O-O {[%clk 01:32:29]} {[%emt
00:00:19]} 12. bxc4 {[%clk 01:30:19]} {[%emt 00:02:21]} Nxc4 {[%clk 01:31:40]}
{[%emt 00:01:19]} 13. d3 {[%clk 01:29:51]} {[%emt 00:00:58]} Nb6 {[%clk
01:29:48]} {[%emt 00:02:09]} 14. Ba3 {[%clk 01:27:15]} {[%emt 00:03:19]} Qc7
{[%clk 01:29:25]} {[%emt 00:00:52]} 15. Qe2 {[%clk 01:25:15]} {[%emt 00:02:30]}
Nd5 {[%clk 01:25:46]} {[%emt 00:04:01]} 16. d4 {[%clk 01:21:38]} {[%emt
00:04:16]} Qa5 {[%clk 01:24:04]} {[%emt 00:02:10]} 17. Bb2 {[%clk 01:17:02]}
{[%emt 00:05:08]} Qb6 {[%clk 01:20:56]} {[%emt 00:03:38]} 18. Bb3 {[%clk
01:14:55]} {[%emt 00:02:37]} Be6 {[%clk 01:18:17]} {[%emt 00:02:58]} 19. c4
{[%clk 01:09:55]} {[%emt 00:05:41]} Nxd4 {[%clk 01:09:05]} {[%emt 00:09:41]}
20. Nxd4 {[%clk 01:09:19]} {[%emt 00:01:06]} Bxd4 {[%clk 01:09:15]} {[%emt
00:00:21]} 21. cxd5 {[%clk 01:09:33]} {[%emt 00:00:16]} Bxd5 {[%clk 01:07:58]}
{[%emt 00:01:47]} 22. Bxd4 {[%clk 01:09:06]} {[%emt 00:00:57]} Qxd4 {[%clk
01:07:45]} {[%emt 00:00:43]} 23. Na3 {[%clk 01:06:36]} {[%emt 00:03:00]} Be4
{[%clk 01:05:01]} {[%emt 00:03:14]} 24. Nb5 {[%clk 01:02:49]} {[%emt 00:04:17]}
Qb4 {[%clk 00:59:24]} {[%emt 00:06:07]} 25. Qb2 {[%clk 00:55:10]} {[%emt
00:08:09]} Qxb5 {[%clk 00:55:47]} {[%emt 00:04:06]} 26. Bxf7+ {[%clk 00:55:32]}
{[%emt 00:00:09]} Rxf7 {[%clk 00:54:48]} {[%emt 00:01:29]} 27. Qxb5 {[%clk
00:55:55]} {[%emt 00:00:06]} Rd8 {[%clk 00:54:18]} {[%emt 00:00:59]} 28. Rfd1
{[%emt 00:02:04]} 1-0

[Event "DEM U12w 2025"]
[Site "Willingen GER"]
[Date "2025.06.08"]
[Round "1"]
[White "Jänsch, Layla"]
[Black "Döscher, Nayla"]
[Result "0-1"]
[Termination "normal"]
[Board "20"]
[WhiteElo "1095"]
[BlackElo "1495"]
[WhiteClock "00:54:03"]
[BlackClock "00:19:59"]
[PlyCount "90"]
[WhiteFideId "533043477"]
[BlackFideId "34625046"]
[EventCountry "GER"]
[EventRounds "9"]
[EventType "swiss"]
[EventDate "2025.06.07"]

1. e4 {[%clk 01:30:57]} {[%emt 00:00:02]} e5 {[%clk 01:30:59]} {[%emt
00:00:01]} 2. Nf3 {[%clk 01:31:21]} {[%emt 00:00:07]} Nc6 {[%clk 01:31:22]}
{[%emt 00:00:07]} 3. d4 {[%clk 01:31:46]} {[%emt 00:00:05]} exd4 {[%clk
01:31:33]} {[%emt 00:00:19]} 4. Bc4 {[%clk 01:32:10]} {[%emt 00:00:06]} Nf6
{[%clk 01:31:51]} {[%emt 00:00:13]} 5. O-O {[%clk 01:32:28]} {[%emt 00:00:11]}
d6 {[%clk 01:24:50]} {[%emt 00:07:31]} 6. Re1 {[%clk 01:30:36]} {[%emt
00:02:21]} Ne5 {[%clk 01:18:44]} {[%emt 00:06:36]} 7. Bb3 {[%clk 01:27:02]}
{[%emt 00:04:04]} Be7 {[%clk 01:14:19]} {[%emt 00:04:56]} 8. Bf4 {[%clk
01:25:34]} {[%emt 00:01:58]} Bg4 {[%clk 01:10:00]} {[%emt 00:04:49]} 9. Nbd2
{[%clk 01:22:57]} {[%emt 00:03:06]} O-O {[%clk 01:03:17]} {[%emt 00:07:14]} 10.
h3 {[%clk 01:20:17]} {[%emt 00:03:09]} Nxf3+ {[%clk 01:00:38]} {[%emt
00:03:10]} 11. Nxf3 {[%clk 01:20:05]} {[%emt 00:00:42]} Bh5 {[%clk 00:59:13]}
{[%emt 00:01:54]} 12. Qe2 {[%clk 01:18:18]} {[%emt 00:02:14]} Re8 {[%clk
00:53:49]} {[%emt 00:05:58]} 13. Qd3 {[%clk 01:13:04]} {[%emt 00:05:44]} Rc8
{[%clk 00:46:58]} {[%emt 00:07:20]} 14. Nxd4 {[%clk 01:11:30]} {[%emt
00:02:03]} Bg6 {[%clk 00:40:59]} {[%emt 00:06:29]} 15. f3 {[%clk 01:06:04]}
{[%emt 00:05:56]} d5 {[%clk 00:38:04]} {[%emt 00:03:26]} 16. Nf5 {[%clk
01:00:59]} {[%emt 00:05:34]} Bc5+ {[%clk 00:35:12]} {[%emt 00:03:22]} 17. Be3
{[%clk 00:57:15]} {[%emt 00:04:14]} Bxe3+ {[%clk 00:31:55]} {[%emt 00:03:48]}
18. Rxe3 {[%clk 00:54:48]} {[%emt 00:02:57]} dxe4 {[%clk 00:29:52]} {[%emt
00:02:33]} 19. fxe4 {[%clk 00:53:27]} {[%emt 00:01:50]} Qxd3 {[%clk 00:28:39]}
{[%emt 00:01:44]} 20. cxd3 {[%clk 00:53:42]} {[%emt 00:00:15]} Bxf5 {[%clk
00:28:38]} {[%emt 00:00:31]} 21. Rae1 {[%clk 00:53:23]} {[%emt 00:00:46]} Be6
{[%clk 00:28:03]} {[%emt 00:01:05]} 22. Ba4 {[%clk 00:52:45]} {[%emt 00:01:10]}
c6 {[%clk 00:27:20]} {[%emt 00:01:14]} 23. d4 {[%clk 00:51:30]} {[%emt
00:01:44]} Bxa2 {[%clk 00:24:22]} {[%emt 00:03:28]} 24. d5 {[%clk 00:51:05]}
{[%emt 00:00:55]} b5 {[%clk 00:23:40]} {[%emt 00:01:13]} 25. Bc2 {[%clk
00:50:33]} {[%emt 00:01:02]} cxd5 {[%clk 00:23:00]} {[%emt 00:01:10]} 26. exd5
{[%clk 00:50:21]} {[%emt 00:00:41]} Rxe3 {[%clk 00:22:28]} {[%emt 00:01:03]}
27. Rxe3 {[%clk 00:50:13]} {[%emt 00:00:37]} Rxc2 {[%clk 00:22:25]} {[%emt
00:00:33]} 28. d6 {[%clk 00:50:27]} {[%emt 00:00:17]} Rd2 {[%clk 00:22:19]}
{[%emt 00:00:36]} 29. Rc3 {[%clk 00:50:32]} {[%emt 00:00:25]} h6 {[%clk
00:22:14]} {[%emt 00:00:35]} 30. g4 {[%clk 00:50:25]} {[%emt 00:00:37]} Rxd6
{[%clk 00:22:21]} {[%emt 00:00:24]} 31. g5 {[%clk 00:50:28]} {[%emt 00:00:26]}
hxg5 {[%clk 00:22:02]} {[%emt 00:00:49]} 32. Kg2 {[%clk 00:50:39]} {[%emt
00:00:17]} Rd2+ {[%clk 00:21:30]} {[%emt 00:01:03]} 33. Kf3 {[%clk 00:50:52]}
{[%emt 00:00:17]} Bc4 {[%clk 00:21:22]} {[%emt 00:00:39]} 34. h4 {[%clk
00:50:47]} {[%emt 00:00:31]} Rd3+ {[%clk 00:21:11]} {[%emt 00:00:44]} 35. Rxd3
{[%clk 00:51:03]} {[%emt 00:00:14]} Bxd3 {[%clk 00:21:33]} {[%emt 00:00:08]}
36. hxg5 {[%clk 00:51:29]} {[%emt 00:00:04]} Nd5 {[%clk 00:21:26]} {[%emt
00:00:37]} 37. g6 {[%clk 00:51:51]} {[%emt 00:00:08]} fxg6 {[%clk 00:20:27]}
{[%emt 00:01:30]} 38. b4 {[%clk 00:52:10]} {[%emt 00:00:11]} a5 {[%clk
00:19:37]} {[%emt 00:01:20]} 39. bxa5 {[%clk 00:52:33]} {[%emt 00:00:07]} b4
{[%clk 00:19:58]} {[%emt 00:00:09]} 40. a6 {[%clk 00:52:54]} {[%emt 00:00:09]}
Bxa6 {[%clk 00:20:10]} {[%emt 00:00:18]} 41. Ke4 {[%clk 00:52:58]} {[%emt
00:00:26]} b3 {[%clk 00:19:54]} {[%emt 00:00:46]} 42. Ke5 {[%clk 00:53:02]}
{[%emt 00:00:25]} b2 {[%clk 00:20:02]} {[%emt 00:00:23]} 43. Ke6 {[%clk
00:53:25]} {[%emt 00:00:07]} b1=Q {[%clk 00:20:05]} {[%emt 00:00:26]} 44. Kd7
{[%clk 00:53:46]} {[%emt 00:00:09]} Qb6 {[%clk 00:19:54]} {[%emt 00:00:35]} 45.
Ke8 {[%clk 00:54:03]} {[%emt 00:00:20]} Bb5# {[%clk 00:19:59]} {[%emt
00:00:24]} 0-1

[Event "DEM U12w 2025"]
[Site "Willingen GER"]
[Date "2025.06.08"]
[Round "1"]
[White "Greither, Flora"]
[Black "Lüken, Juliane"]
[Result "1-0"]
[Termination "normal"]
[Board "21"]
[WhiteElo "1562"]
[BlackElo "987"]
[WhiteClock "01:24:00"]
[BlackClock "01:20:19"]
[PlyCount "39"]
[WhiteFideId "533000697"]
[BlackFideId "533043485"]
[EventCountry "GER"]
[EventRounds "9"]
[EventType "swiss"]
[EventDate "2025.06.07"]

1. d4 {[%clk 01:30:57]} {[%emt 00:00:03]} d5 {[%clk 01:30:59]} {[%emt
00:00:01]} 2. c4 {[%clk 01:31:08]} {[%emt 00:00:19]} c6 {[%clk 01:30:50]}
{[%emt 00:00:38]} 3. Nc3 {[%clk 01:31:24]} {[%emt 00:00:15]} dxc4 {[%clk
01:31:04]} {[%emt 00:00:15]} 4. e4 {[%clk 01:31:44]} {[%emt 00:00:10]} e6
{[%clk 01:31:10]} {[%emt 00:00:23]} 5. Bxc4 {[%clk 01:30:15]} {[%emt 00:02:01]}
Bb4 {[%clk 01:29:56]} {[%emt 00:01:43]} 6. Nge2 {[%clk 01:27:58]} {[%emt
00:02:47]} Nf6 {[%clk 01:29:56]} {[%emt 00:00:28]} 7. O-O {[%clk 01:26:54]}
{[%emt 00:01:35]} b5 {[%clk 01:27:45]} {[%emt 00:02:38]} 8. Bb3 {[%clk
01:26:39]} {[%emt 00:00:48]} a6 {[%clk 01:27:56]} {[%emt 00:00:17]} 9. Bg5
{[%clk 01:25:59]} {[%emt 00:01:12]} Bxc3 {[%clk 01:26:59]} {[%emt 00:01:21]}
10. Nxc3 {[%clk 01:26:11]} {[%emt 00:00:25]} h6 {[%clk 01:27:08]} {[%emt
00:00:20]} 11. Bf4 {[%clk 01:26:12]} {[%emt 00:00:29]} O-O {[%clk 01:26:35]}
{[%emt 00:01:04]} 12. Be3 {[%clk 01:24:17]} {[%emt 00:02:25]} Bb7 {[%clk
01:26:44]} {[%emt 00:00:20]} 13. e5 {[%clk 01:23:27]} {[%emt 00:01:21]} Nd5
{[%clk 01:25:49]} {[%emt 00:01:24]} 14. Nxd5 {[%clk 01:23:44]} {[%emt
00:00:13]} cxd5 {[%clk 01:25:56]} {[%emt 00:00:21]} 15. Qg4 {[%clk 01:23:09]}
{[%emt 00:01:04]} g6 {[%clk 01:22:29]} {[%emt 00:04:00]} 16. Bxh6 {[%clk
01:23:10]} {[%emt 00:00:30]} Re8 {[%clk 01:22:15]} {[%emt 00:00:39]} 17. Bg5
{[%clk 01:23:24]} {[%emt 00:00:20]} Qd7 {[%clk 01:21:55]} {[%emt 00:00:46]} 18.
Bf6 {[%clk 01:23:45]} {[%emt 00:00:14]} g5 {[%clk 01:20:19]} {[%emt 00:02:06]}
19. Qxg5+ {[%clk 01:24:00]} {[%emt 00:00:15]} Kh7 {[%emt 00:01:50]} 20. Bc2#
{[%emt 00:00:10]} 1-0